LEADER 02016nam a2200433 a 4500 001 000000130783 003 CaOOAMICUS 005 20121008133039.0 008 121008s2012 it b 001 0 ita r 020 $a978-88-16-41121-0 040 $aPUL$bita 041 1 $aita$alat$hlat 082 04$a271 100 1 $aDaniel, Walter.$0(OLS)http://pul/name/83820 240 10$aVita Ailredi abbatis Rievall'.$lItaliano e latino.$0(OLS)http://pul/title/165282 245 10$aVita di Aelredo di Rievaulx /$cWalter Daniel ; a cura di Antonio Tombolini ; editoriale di Azzolino Chiappini ; presentazione di Inos Biffi. 260 $aMilano :$bJaca Book,$cİ2012. 300 $aXXIII, 234 p. :$bc. geogr. ;$c24 cm. 490 1 $aBiblioteca di cultura medievale 490 1 $aDi fronte e attraverso ;$v1021 504 $aInclude riferimenti bibliografici (p. XVII-XXIII) ed indice. 600 04$aEthelredus,$cs.,$d1110-1167.$0(OLS)http://pul/subject/36065 700 1 $aTombolini, Antonio.$0(OLS)http://pul/name/9463 700 1 $aBiffi, Inos,$csac.,$d1934-$0(OLS)http://pul/name/1663 700 1 $aChiappini, Azzolino.$0(OLS)http://pul/name/41535 830 0$aDi fronte e attraverso ;$v1021.$0(OLS)http://pul/title/138 830 0$aBiblioteca di cultura medievale.$0(OLS)http://pul/title/2253 850 $aPUL 852 $aPUL$W1$xSL Religione 3$y85$m271 COLL 1.1021$j151185$qDDC 21$B149925$CPULBib$Z2$F149925 $H120877 $82 941 1 $a9 960 $aAelredus Rievallensis,$cs.,$d1110-1167$936065 960 $aAelred de Rievaux,$cs.,$d1110-1167$936065 960 $aAelred, $bdi Rievaulx,$cs.,$d1110-1167?$936065 960 $aRievaulx, Aelred de,? $cs.,$d1110-1167?$936065 996 $6020$a978-88-16-41121-0$9(OLS)http://pul/number/150792 996 $6082$a271$9(OLS)http://pul/classification/284 996 $6245$aVita di Aelredo di Rievaulx$9(OLS)http://pul/title/165283 996 $6260$aMilano :$bJaca Book$9(OLS)http://pul/publisher/47900 LEADER 01988nam a2200349 a 4500 001 000000076177 003 CaOOAMICUS 005 20120130133719.0 008 031111s1882 fr u000 u lat r 035 $a10975697 040 $aPUL(R)$bita 100 0 $aHildegardis,$cs.,$d1098-1179.$0(OLS)http://pul/name/5033 245 10$aS. Hildegardis abbatissae opera omnia, ad optimorum librorum fidem edita /$cphysicae textum primus integre publici juris fecit ... Car. Daremberg ; prolegomenis et noti illustravit ... F. A. De Reuss ; accurante J.-P. Migne. 260 $aParisiis :$bapud Garnier fratres editores et J.-P. Migne successores,$c1882. 300 $a1384 col. ;$c27 cm 490 1 $aPatrologiae cursus completus.$aSeries latina prior ;$v197 700 1 $aMigne, Jacques Paul,$csac.,$d1800-1875.$0(OLS)http://pul/name/4478 700 1 $aReuss, Franz Ambros,$d1761-1830.$0(OLS)http://pul/name/50683 700 1 $aDaremberg, Charles Victor,$d1817-1872.$0(OLS)http://pul/name/47991 700 02$aHildegardis,$cs.,$d1098-1179.$tOpera omnia.$0(OLS)http://pul/nameTitle/1573$0(OLS)http://pul/name/5033$0(OLS)http://pul/title/2415 830 0$aPatrologiae cursus completus.$pSeries latina prior ;$v197.$0(OLS)http://pul/title/92264 850 $aPUL 852 $aPUL$W1$xSL Cons. Gen., Altre Classi 1$y1$m2001 A 1.197$j97902$nBK-PRI$qStampati$B97902$CPULBib$Z2$F97902 $82 900 $aIldegarda,$cbadessa di Bingen,$d1098-1179$95033 900 $aHildegard von Bingen$cs.$d1098-1179? $95033 900 $aIldegarda, $cs.,$d1098-1179$95033 900 $aIldegarda,$cbadessa di Bingen,$d1098-1179$95033 900 $aHildegard von Bingen$cs.$d1098-1179? $95033 900 $aIldegarda, $cs.,$d1098-1179$95033 941 1 $a8 996 $6245$aS. Hildegardis abbatissae opera omnia, ad optimorum librorum fidem edita$9(OLS)http://pul/title/99920 996 $6260$aParisiis :$bapud Garnier fratres editores et J.-P. Migne successores$9(OLS)http://pul/publisher/54603